Normale Ansicht MARC-Ansicht ISBD

Nach Stalingrad : (Titelsatznr. 50768)

[ MARC ]
MARC-Details
000 -Satzkennung
Kontrollfeld mit fester Länge 01017nam a22002651c 4500
001 - Kontrollnummer
Kontrollfeld a987690316
008 - Feld mit fester Länge zur physischen Beschreibung - Allgemeine Angaben
Kontrollfeld mit fester Länge 180629s2018 gw a||| 000u ger d
020 ## - Internationale Standardbuchnummer
Internationale Standardbuchnummer 9783835331907
Verknüpfung 978-3-8353-3190-7
041 ## - Sprachcode
Sprachcode des Textes/der Tonspur oder des separaten Titels ger
040 ## - Katalogisierungsquelle
Übertragungsstelle RU-10907106
003 - Kontrollnummer Identifier
Kontrollfeld RU-10907106
100 1# - Haupteintragung - Personenname
Personenname Seydlitz, Walther von
245 00 - Titel
Titel Nach Stalingrad :
Zusatz zum Titel Walther von Seydlitz' Feldpostbriefe und Kriegsgefangenenpost 1939-1955 /
Verfasserangabe etc. herausgegeben von Torsten Diedrich und Jens Ebert im Auftrag des Zentrums für Militärgeschichte und Sozialwissenschaften der Bundeswehr
264 ## - Produktion, Veröffentlichung, Distribution, Herstellung und Urheberrechtsvermerk
Herstellungs-, Veröffentlichungs- Vertriebs-, Erzeugungsort Göttingen :
Produzent, Herausgeber, Distributor, Hersteller Wallstein Verlag,
Datum der Herstellung, der Veröffentlichung, des Vertriebs oder des Urheberschutzvermerks 2018
300 ## - Physische Beschreibung
Umfang 427 Seiten : Illustrationen
600 #0 - Nebeneintragung unter einem Schlagwort - Personenname
Personenname Seydlitz, Walther von
650 #0 - Nebeneintragung unter einem Schlagwort - Sachschlagwort
Sachschlagwort oder geografischer Name als Eintragungselement Deutscher Kriegsgefangener
650 #0 - Nebeneintragung unter einem Schlagwort - Sachschlagwort
Sachschlagwort oder geografischer Name als Eintragungselement Feldpostbrief
650 #0 - Nebeneintragung unter einem Schlagwort - Sachschlagwort
Sachschlagwort oder geografischer Name als Eintragungselement Kriegsgefangener
650 #0 - Nebeneintragung unter einem Schlagwort - Sachschlagwort
Sachschlagwort oder geografischer Name als Eintragungselement Weltkrieg <1939-1945>
700 1# - Nebeneintragung - Personenname
Personenname Diedrich, Torsten
Funktionsbezeichnung HerausgeberIn
700 1# - Nebeneintragung - Personenname
Personenname Ebert, Jens
Funktionsbezeichnung HerausgeberIn
710 2# - Nebeneintragung - Körperschaftsname
Körperschafts- oder Gebietskörperschaftsname als Eintragungselement Zentrum für Militärgeschichte und Sozialwissenschaften der Bundeswehr
942 ## - Zusätzliche Felder (Koha)
Koha-Medientyp Monographien
Exemplare
Ausgeschieden Verloren Klassifikation oder Aufstellungssystematik Beschädigt Nicht entleihbar Heimatbibliothek Aufenthaltsbibliothek Aufstellungsort Erwerbungsdatum Inventarnummer Signatur Barcode Letzte Aktivität Preis gültig von Koha-Medientyp
    Andere/Generische Klassifikation     MWN Osteuropa MWN Osteuropa Lesesaal - 1 29/06/2018 18-01668 D 52 rj Sey E0040150790E8835 23/02/2021 22/03/2021 Monographien